[Event "XX Carlos Torre Magistral"]
[Site "Merida MEX"]
[Date "2007.12.18"]
[Round "6"]
[White "Bruzon Batista,L"]
[Black "Hernandez Guerrero,G"]
[Result "1/2-1/2"]
[WhiteElo "2607"]
[BlackElo "2536"]
[EventDate "2007.12.15"]

1. e4 e6 2. d4 d5 3. Nc3 Nf6 4. Bg5 dxe4 5. Nxe4 Nbd7 6. Nxf6+ Nxf6 7. Nf3
h6 8. Be3 Nd5 9. Bd3 Nxe3 10. fxe3 Bd6 11. e4 e5 12. dxe5 Bc5 13. Bb5+ c6
14. Qxd8+ Kxd8 15. Bc4 Ke7 16. Rf1 Be6 17. Bxe6 Kxe6 18. Ke2 Rad8 19. c3
Rd7 20. Rad1 Rhd8 21. Rxd7 Rxd7 22. Ne1 Be7 23. Nd3 g6 24. g4 Rd8 25. b4 b6
26. a4 Rc8 27. h3 Rh8 28. a5 bxa5 29. Ra1 axb4 30. cxb4 Rb8 31. Rxa7 Bxb4
32. Ra6 Kd7 33. e6+ Kxe6 34. Rxc6+ Ke7 35. h4 Rb5 36. e5 Kd7 37. Rf6 Ke7
38. Rc6 Kd7 39. e6+ 1/2-1/2

[Event "XX Carlos Torre Magistral"]
[Site "Merida MEX"]
[Date "2007.12.18"]
[Round "6"]
[White "Meier,Geo"]
[Black "De la Paz Perdomo,F"]
[Result "1/2-1/2"]
[WhiteElo "2558"]
[BlackElo "2441"]
[EventDate "2007.12.15"]

1. Nf3 Nf6 2. g3 g6 3. Bg2 Bg7 4. O-O O-O 5. d4 d6 6. b3 c6 7. Bb2 b5 8. a4
Bb7 9. Ne1 Qc7 10. Nd3 Nbd7 11. Nd2 a6 12. c4 c5 13. d5 bxc4 14. bxc4 a5
15. e4 Ba6 16. Qc2 Rfb8 17. Rae1 Ne5 18. Bxe5 dxe5 19. Nb3 Nd7 20. Bh3 Nb6
21. Nb2 Nc8 22. Nd3 Nb6 23. Nxa5 Bc8 24. Bxc8 Rxa5 25. Bh3 Rxa4 26. Nb2 Ra2
27. Ra1 Qa7 28. Qb1 Ra8 29. Rxa2 Qxa2 30. Qxa2 Rxa2 31. Rb1 Bh6 32. Nd3
Nxc4 33. Nxc5 Bd2 34. Bf1 Nd6 35. Bd3 Bc3 36. Nb3 Ra4 37. Rc1 Bd4 38. Kf1
Bb6 39. Rc6 Rb4 40. Nd2 Rb2 41. Rc2 Rb4 42. Rc6 Rb2 43. Rc2 Rb4 1/2-1/2

[Event "XX Carlos Torre Magistral"]
[Site "Merida MEX"]
[Date "2007.12.18"]
[Round "6"]
[White "Perez Garcia,Rodn"]
[Black "Vera Gonzalez Quevedo,R"]
[Result "1/2-1/2"]
[WhiteElo "2427"]
[BlackElo "2495"]
[EventDate "2007.12.15"]

1. c4 Nf6 2. Nf3 e6 3. e3 d5 4. Nc3 c5 5. cxd5 exd5 6. d4 a6 7. Be2 Nc6 8.
O-O Bd6 9. dxc5 Bxc5 10. a3 O-O 11. b4 Ba7 12. Bb2 Be6 13. b5 1/2-1/2

[Event "XX Carlos Torre Magistral"]
[Site "Merida MEX"]
[Date "2007.12.18"]
[Round "6"]
[White "Bachmann,Ax"]
[Black "Almeida Saenz,A"]
[Result "1-0"]
[WhiteElo "2481"]
[BlackElo "2426"]
[EventDate "2007.12.15"]

1. e4 c5 2. Nf3 g6 3. d4 cxd4 4. Nxd4 Nc6 5. Nc3 Bg7 6. Nb3 Nf6 7. Be2 d6
8. O-O O-O 9. Bg5 Be6 10. Kh1 Na5 11. f4 Nc4 12. f5 Nxb2 13. Qc1 Nxe4 14.
Nxe4 Bxf5 15. Rxf5 gxf5 16. Ng3 Qd7 17. Nh5 Be5 18. Bf6 Bxf6 19. Nxf6+ exf6
20. Qxb2 Rfe8 21. Bd3 Re5 22. Nd4 Rae8 23. Nf3 a6 24. Rf1 f4 25. Qd4 Qg4
26. Nxe5 dxe5 27. Qe4 b5 28. g3 f5 29. Qc6 Re6 30. Qa8+ Kg7 31. gxf4 Rg6
32. fxe5 Qd4 33. Bxf5 Rg5 34. Qf3 Qxe5 35. h4 Rg3 36. Qxg3+ Qxg3 37. Rg1
Qxg1+ 38. Kxg1 h6 39. Kf2 Kf6 40. Bc8 a5 41. Kf3 Ke5 42. Bd7 b4 43. Kg4 f6
44. Kh5 f5 45. Kxh6 f4 46. Kg5 f3 47. h5 f2 48. Bb5 1-0

[Event "XX Carlos Torre Magistral"]
[Site "Merida MEX"]
[Date "2007.12.18"]
[Round "6"]
[White "Gonzalez Zamora,J"]
[Black "Duarte Barahona,R"]
[Result "1/2-1/2"]
[WhiteElo "2552"]
[BlackElo "2177"]
[EventDate "2007.12.15"]

1. d4 Nf6 2. c4 c5 3. d5 g6 4. Nc3 Bg7 5. e4 d6 6. Be2 O-O 7. Nf3 e6 8. O-O
exd5 9. cxd5 Bg4 10. Nd2 Bxe2 11. Qxe2 Nbd7 12. f4 Re8 13. Qf3 a6 14. a4
Qc7 15. Nc4 Nb6 16. Nd2 c4 17. g4 h6 18. Kg2 Nbd7 19. a5 b5 20. axb6 Nxb6
21. Rf2 Nbd7 22. Ra4 Nb6 23. Ra3 Nbd7 24. Ra4 Nb6 25. Ra1 Nbd7 26. Re2 g5
27. e5 dxe5 28. fxg5 hxg5 29. Nde4 Nh7 30. d6 Qd8 31. Nd5 Ndf8 32. Rf2 Ra7
33. Bxg5 Nxg5 34. Nef6+ Bxf6 35. Nxf6+ Kh8 36. Qe3 Nfe6 37. Nxe8 Qxe8 38.
Qxe5+ Kg8 39. Qd5 Qd7 40. Rd1 Qb7 41. d7 Nd8 42. h4 Nge6 43. g5 a5 44. Kg1
Qxd5 45. Rxd5 a4 46. Rc2 a3 47. bxa3 Ra4 48. Rc3 f6 49. g6 Kg7 50. h5 Nf4
51. Rd2 Nxh5 52. Rh3 Nf4 53. Rg3 f5 54. Kf1 Ra6 55. Rf2 Nxg6 56. Rxf5 Rd6
57. Rc5 Rxd7 58. Rxc4 Kf7 59. a4 Ne5 60. Rh4 Ndc6 61. Rh6 Ra7 62. Rh4 Ke6
63. Ke2 Kd5 64. Ra3 Nd4+ 65. Kf1 Rf7+ 66. Kg2 Rg7+ 67. Rg3 Ra7 68. Rg8 Nec6
69. Rg5+ Kc4 70. Rg6 Kc3 71. Rg3+ Kb4 72. Rg6 Kc5 73. Rg5+ Kb6 74. a5+ Rxa5
75. Rxa5 Kxa5 1/2-1/2

[Event "XX Carlos Torre Magistral"]
[Site "Merida MEX"]
[Date "2007.12.18"]
[Round "6"]
[White "Navarro Segura,R"]
[Black "Perez Rodriguez,L"]
[Result "0-1"]
[WhiteElo "2237"]
[BlackElo "2432"]
[EventDate "2007.12.15"]

1. e4 e5 2. Nf3 Nc6 3. Bb5 a6 4. Ba4 Nf6 5. O-O Be7 6. Re1 b5 7. Bb3 O-O 8.
d3 Bb7 9. Nbd2 Re8 10. Ng5 Rf8 11. c3 Na5 12. Bc2 c5 13. Nf1 d5 14. Ng3 g6
15. Qe2 Re8 16. h4 Bf8 17. h5 Bg7 18. Nf3 Qd7 19. Nh2 Rad8 20. Qf3 Qe6 21.
h6 Bh8 22. Bg5 c4 23. exd5 Rxd5 24. Ne4 Nd7 25. dxc4 Nxc4 26. Ng3 Nd6 27.
Bb3 Nc4 28. Ng4 Ba8 29. Qe2 Qc6 30. f3 Qc5+ 31. Kh1 Kf8 32. Ne4 Qc7 33.
Rad1 f5 34. Nef6 Bxf6 35. Nxf6 Nxf6 36. Bxf6 e4 37. Bg7+ Kf7 38. fxe4 Rxe4
39. Qf2 Rg4 40. Qe2 Rh4+ 41. Kg1 Qh2+ 0-1

[Event "XX Carlos Torre Magistral"]
[Site "Merida MEX"]
[Date "2007.12.18"]
[Round "6"]
[White "Obregon Rodriguez,J"]
[Black "Dominguez Aguilar,G"]
[Result "0-1"]
[WhiteElo "2209"]
[BlackElo "2412"]
[EventDate "2007.12.15"]

1. Nf3 g6 2. d4 Bg7 3. c4 Nf6 4. g3 O-O 5. Bg2 c5 6. Nc3 Nc6 7. O-O d6 8.
h3 cxd4 9. Nxd4 Bd7 10. Be3 Qc8 11. Kh2 Nxd4 12. Bxd4 Qxc4 13. Bxf6 Bxf6
14. Nd5 Be6 15. Nxf6+ exf6 16. Bxb7 Rab8 17. b3 Qc5 18. Bg2 d5 19. Qd2 Rfc8
20. e3 Qb5 21. Rac1 a5 22. Rfd1 f5 23. Kg1 Rxc1 24. Rxc1 a4 25. Bf1 Qb4 26.
Rc3 axb3 27. axb3 Qa3 28. Qc2 Qa1 29. Qd2 Qb1 30. Qd3 Qe1 31. Rc2 f4 32.
Qc3 Qxc3 33. Rxc3 fxe3 34. fxe3 Kg7 35. g4 Kf6 36. Kf2 Ke5 37. Kf3 Rh8 38.
b4 h5 39. Rd3 hxg4+ 40. hxg4 Rh1 41. Bg2 Rc1 42. Rd4 Rc4 43. Rxc4 dxc4 44.
Bf1 Bd5+ 45. Ke2 c3 46. Kd3 Bc4+ 0-1

[Event "XX Carlos Torre Magistral"]
[Site "Merida MEX"]
[Date "2007.12.18"]
[Round "6"]
[White "Ancheyta Tejas,J"]
[Black "Morales Garcia,S"]
[Result "1-0"]
[WhiteElo "2140"]
[BlackElo "2296"]
[EventDate "2007.12.15"]

1. e4 c5 2. Nf3 d6 3. d4 cxd4 4. Nxd4 Nf6 5. Nc3 a6 6. Bc4 e6 7. O-O b5 8.
Bb3 Be7 9. f4 Bb7 10. e5 dxe5 11. fxe5 Bc5 12. Be3 Nc6 13. exf6 Bxd4 14.
Qe1 Bxe3+ 15. Qxe3 Qd4 16. Rae1 gxf6 17. Ne4 Rd8 18. Nxf6+ Ke7 19. Nd5+
Rxd5 20. Bxd5 Qxd5 21. Rd1 Nd4 22. Qf2 Qxg2+ 23. Qxg2 Bxg2 24. Kxg2 Nxc2
25. Rf3 e5 26. Rc1 Rc8 27. Kh1 Rc4 28. Rcf1 Ke6 29. b3 Rc5 30. Rf6+ Kd5 31.
Rxa6 Ne3 32. Re1 Nc2 33. Rd1+ Nd4 34. Rf6 Rc7 35. Rdf1 e4 36. Rxf7 Rc2 37.
Rd7+ Ke5 38. a4 bxa4 39. bxa4 h5 40. Rh7 Nf3 41. Rxh5+ Kf4 42. Rh6 Ra2 43.
Rh3 Rxa4 44. Rfxf3+ 1-0

[Event "XX Carlos Torre Magistral"]
[Site "Merida MEX"]
[Date "2007.12.18"]
[Round "6"]
[White "Garcia,Ser"]
[Black "Martin del Campo,J"]
[Result "1/2-1/2"]
[WhiteElo "2087"]
[BlackElo "2233"]
[EventDate "2007.12.15"]

1. e4 c5 2. Nf3 d6 3. d4 cxd4 4. Nxd4 Nf6 5. Nc3 Nc6 6. f3 e5 7. Nb3 Be7 8.
Be3 O-O 9. Qd2 a5 10. Bb5 Be6 11. O-O d5 12. exd5 Nxd5 13. Nxd5 Qxd5 14.
Qxd5 Bxd5 15. c4 Be6 16. Nc5 Bxc5 17. Bxc5 Rfd8 18. Rae1 Nd4 19. Rxe5 Nxb5
20. cxb5 Bxa2 21. Re7 Rd5 22. Rc1 Rc8 23. b6 h6 24. Rc7 Rb8 1/2-1/2

[Event "XX Carlos Torre Magistral"]
[Site "Merida MEX"]
[Date "2007.12.20"]
[Round "7"]
[White "De la Paz Perdomo,F"]
[Black "Bruzon Batista,L"]
[Result "1/2-1/2"]
[WhiteElo "2441"]
[BlackElo "2607"]
[EventDate "2007.12.15"]

1. e4 e5 2. Nf3 Nc6 3. Bc4 Nf6 4. d3 Be7 5. O-O O-O 6. Re1 d6 7. a4 Na5 8.
Ba2 c5 9. Nc3 Nc6 10. Bg5 Nb4 11. Bc4 Bg4 12. Bb3 Ne8 13. Bxe7 Qxe7 14. h3
Bh5 15. Nd5 Nxd5 16. Bxd5 Nc7 17. Bc4 Rad8 18. Qe2 Kh8 19. Qe3 f6 20. c3 d5
21. exd5 Nxd5 22. Bxd5 Rxd5 23. d4 cxd4 24. Nxd4 Qd7 25. Nc2 Rd2 26. Na3 b6
27. Nc4 Rd3 28. Qe4 Bg6 29. Qh4 Rd8 30. Ne3 Qc6 31. Qb4 Qc5 32. Qa3 Bf7 33.
a5 Qxa3 34. Rxa3 b5 35. a6 Rd2 36. b4 Kg8 37. Ra5 Be8 38. c4 Rb2 39. cxb5
Rxb4 40. Rc1 Rxb5 41. Raa1 Rd7 42. Rc8 Kf7 43. Nf5 g6 44. Ne3 Ke7 45. g4
Rb2 46. g5 fxg5 47. Ng4 Rbd2 48. Ra5 Rd1+ 49. Kh2 Rd8 50. Rxe5+ Kf8 51. Rc7
R1d7 52. Rb7 Rxb7 53. axb7 Bc6 54. Rc5 Bxb7 55. Rc7 Bd5 56. Nf6 a5 57.
Nxh7+ Kg8 58. Nf6+ Kf8 59. Rc5 Be6 60. Rxa5 Rd3 61. Nh7+ Ke7 62. Nxg5 Bf5
63. h4 Rd4 64. Ra7+ Ke8 65. Rh7 Kf8 66. f3 Kg8 67. Kg3 Rd7 68. Rxd7 Bxd7
69. Ne4 Kg7 70. Nf2 Bf5 71. Ng4 Bc2 72. Kf4 Bd1 73. Nf2 Be2 74. Ke3 Bc4 75.
Ng4 Bb3 76. Kf4 Bd5 77. Ne3 Bc6 78. Nc4 Kh6 79. Ne5 Bb7 80. Kg4 Bc8+
1/2-1/2

[Event "XX Carlos Torre Magistral"]
[Site "Merida MEX"]
[Date "2007.12.20"]
[Round "7"]
[White "Hernandez Guerrero,G"]
[Black "Gonzalez Garcia,J2"]
[Result "1/2-1/2"]
[WhiteElo "2536"]
[BlackElo "2541"]
[EventDate "2007.12.15"]

1. e4 e6 2. d4 d5 3. Nc3 Bb4 4. e5 c5 5. a3 Bxc3+ 6. bxc3 Ne7 7. a4 Nbc6 8.
Nf3 Qa5 9. Bd2 Bd7 10. Bb5 c4 11. O-O h6 12. Bc1 Nb8 13. Rb1 Bxb5 14. axb5
Nd7 15. Qd2 O-O 1/2-1/2

[Event "XX Carlos Torre Magistral"]
[Site "Merida MEX"]
[Date "2007.12.20"]
[Round "7"]
[White "Perez Rodriguez,L"]
[Black "Huerta,Da"]
[Result "1-0"]
[WhiteElo "2432"]
[BlackElo "2338"]
[EventDate "2007.12.15"]

1. e4 c5 2. Nf3 d6 3. d4 cxd4 4. Nxd4 Nf6 5. Nc3 Bd7 6. Bg5 e6 7. Ndb5 Bc6
8. Bxf6 gxf6 9. Qh5 a6 10. Nd4 Bd7 11. O-O-O Nc6 12. Nxc6 Bxc6 13. f4 Qb6
14. f5 Qe3+ 15. Kb1 Qg5 16. Qh3 exf5 17. Bc4 Qg4 18. Qe3 fxe4 19. Nd5 Bg7
20. Nc7+ Ke7 21. Nxa8 Rxa8 22. Rhf1 Re8 23. h3 Qd7 24. g4 Kf8 25. Rf5 Qe7
26. g5 Bd7 27. gxf6 Bxf6 28. Rg1 Bg7 29. Rxf7+ Qxf7 30. Bxf7 Kxf7 31. Qf4+
Bf6 32. Qxd6 Bc6 33. Qc7+ Ke6 34. Qxh7 Rh8 35. Qg6 1-0

[Event "XX Carlos Torre Magistral"]
[Site "Merida MEX"]
[Date "2007.12.20"]
[Round "7"]
[White "Capo Vidal,U"]
[Black "Perez Garcia,Rodn"]
[Result "1/2-1/2"]
[WhiteElo "2356"]
[BlackElo "2427"]
[EventDate "2007.12.15"]

1. d4 d5 2. c4 c6 3. Nf3 Nf6 4. Nc3 dxc4 5. a4 e6 6. e3 c5 7. Bxc4 Nc6 8.
O-O cxd4 9. exd4 Be7 10. Qe2 O-O 11. Rd1 Nd5 12. h3 Ncb4 13. Nxd5 exd5 14.
Bb3 Re8 1/2-1/2

[Event "XX Carlos Torre Magistral"]
[Site "Merida MEX"]
[Date "2007.12.20"]
[Round "7"]
[White "Dominguez Aguilar,G"]
[Black "Vega Garcia,J"]
[Result "1-0"]
[WhiteElo "2412"]
[BlackElo "2255"]
[EventDate "2007.12.15"]

1. e4 e6 2. d4 d5 3. Nc3 dxe4 4. Nxe4 Nd7 5. Nf3 Ngf6 6. Bg5 Be7 7. Nxf6+
Nxf6 8. Bd3 c5 9. dxc5 Bxc5 10. Qe2 a6 11. O-O-O Qc7 12. Kb1 Be7 13. h4 Nd5
14. Be4 Nf6 15. Bd3 Nd5 16. Bc4 Nb6 17. Bb3 O-O 18. Bxe7 Qxe7 19. h5 Qc5
20. h6 g6 21. Ne5 a5 22. a4 Nd5 23. Qe4 f5 24. Qh4 Qc7 25. Rxd5 1-0

[Event "XX Carlos Torre Magistral"]
[Site "Merida MEX"]
[Date "2007.12.22"]
[Round "9"]
[White "Arencibia Rodriguez,W"]
[Black "Bruzon Batista,L"]
[Result "1/2-1/2"]
[WhiteElo "2562"]
[BlackElo "2607"]
[EventDate "2007.12.15"]

1. e4 c5 2. Nf3 d6 3. d4 cxd4 4. Nxd4 Nf6 5. Nc3 a6 6. Be2 e5 7. Nb3 Be7 8.
O-O O-O 9. Kh1 Bd7 10. Bg5 Bc6 11. Bxf6 Bxf6 12. Qd3 Be7 13. a4 Nd7 14. a5
Qc7 15. Rfd1 Nf6 16. Bf3 Rac8 17. Nd2 Bd7 18. Nf1 Be6 19. Ne3 g6 20. Qd2
Rfd8 21. Qe1 Bf8 22. Na4 Nd7 23. b3 Bh6 24. c4 Bxe3 25. fxe3 Nc5 26. Nb6
Nxb3 27. Rab1 Nc5 28. Nxc8 Bxc8 29. Qd2 Kf8 30. Rb6 Ke7 31. Qe1 Kf8 32. Qh4
Kg7 33. Rf1 Be6 34. Be2 Rd7 35. Bg4 Bxg4 36. Qxg4 Na4 37. Rb4 Nc5 38. Rb6
Na4 39. Rb4 Nc5 40. Rb6 Qd8 41. Rd1 h5 42. Qf3 Qh4 43. g3 Nxe4 44. Rdb1
1/2-1/2

[Event "XX Carlos Torre Magistral"]
[Site "Merida MEX"]
[Date "2007.12.22"]
[Round "9"]
[White "Tregubov,P"]
[Black "Zapata,Alo"]
[Result "0-1"]
[WhiteElo "2609"]
[BlackElo "2495"]
[EventDate "2007.12.15"]

1. d4 Nf6 2. c4 g6 3. g3 Bg7 4. Bg2 O-O 5. Nc3 d6 6. Nf3 Nbd7 7. O-O e5 8.
e4 c6 9. b3 Re8 10. h3 a5 11. Re1 exd4 12. Nxd4 Nc5 13. Rb1 Nfd7 14. Be3
Ne5 15. Qc2 f5 16. exf5 gxf5 17. Nxf5 Bxf5 18. Qxf5 Ned3 19. Red1 Bxc3 20.
Rxd3 Nxd3 21. Qxd3 Qf6 22. Be4 Re7 23. h4 Rf8 24. Kg2 Qe6 25. f3 Be5 26.
Re1 Rg7 27. Bf2 Kh8 28. g4 Qf6 29. Qe3 c5 30. Rd1 Bf4 31. Qe2 Re8 32. Bg3
h5 33. Rd5 Re5 34. Rxd6 Qxd6 35. Bxf4 hxg4 36. fxg4 Rxe4 37. Qxe4 Rxg4+ 38.
Kf3 Qd1+ 39. Kf2 Qg1+ 40. Kf3 Qh1+ 41. Ke3 Qh3+ 42. Qf3 Qxf3+ 43. Kxf3 Rxh4
44. Bc7 a4 45. Bg3 Rh1 46. Bd6 axb3 47. axb3 Rb1 48. Bxc5 Rxb3+ 49. Ke4 Kg8
50. Kd5 Kf7 51. Bf2 Ke7 52. Kc5 Kd7 53. Bd4 Rb1 54. Be5 Re1 55. Bg3 Re3 56.
Bf4 Re4 57. Bg3 Rg4 58. Bh2 Rg6 59. Kb5 Rc6 60. Kb4 Ke6 61. Bb8 Kf5 62. Ba7
Ke4 63. Bg1 Kd3 64. c5 Rg6 65. Bh2 Kd4 66. Bd6 Rg1 0-1

[Event "XX Carlos Torre Magistral"]
[Site "Merida MEX"]
[Date "2007.12.22"]
[Round "9"]
[White "Blanco Fernandez,A"]
[Black "Gonzalez Garcia,J2"]
[Result "1/2-1/2"]
[WhiteElo "2331"]
[BlackElo "2541"]
[EventDate "2007.12.15"]

1. d4 e6 2. c4 Nf6 3. g3 d5 4. Bg2 Bb4+ 5. Bd2 Be7 6. Nf3 O-O 7. Qc2 c6 8.
O-O Nbd7 9. b3 b6 10. Bf4 Bb7 11. cxd5 cxd5 12. Bc7 Qe8 13. Rc1 Rc8 14. Qb2
Ba6 15. a4 Bd8 16. Bf4 Rxc1+ 17. Bxc1 Ne4 18. Nbd2 Nxd2 19. Qxd2 Be7 20. b4
Bc4 21. b5 Qb8 22. Bf1 Rc8 23. Ba3 Bxa3 24. Rxa3 Qd6 25. Qb2 a5 26. Rc3 Qb4
27. Qa3 g6 28. h4 h5 29. Qa1 Re8 30. Qa3 e5 31. dxe5 Nxe5 32. Nxe5 Qxa3 33.
Rxa3 Rxe5 34. e3 Bxf1 35. Kxf1 Re4 36. Rc3 Rxa4 1/2-1/2

[Event "XX Carlos Torre Magistral"]
[Site "Merida MEX"]
[Date "2007.12.22"]
[Round "9"]
[White "Perez Rodriguez,L"]
[Black "Morales Garcia,S"]
[Result "1-0"]
[WhiteElo "2432"]
[BlackElo "2296"]
[EventDate "2007.12.15"]

1. e4 c5 2. Nf3 d6 3. d4 cxd4 4. Nxd4 Nf6 5. Nc3 a6 6. Bg5 e6 7. f4 Qc7 8.
Bd3 Be7 9. Qe2 h6 10. Bh4 Nxe4 11. Bxe4 Bxh4+ 12. g3 Bf6 13. O-O-O Nc6 14.
Bxc6+ bxc6 15. f5 e5 16. g4 O-O 17. Nb3 d5 18. h4 e4 19. Na4 a5 20. g5 hxg5
21. hxg5 Bxg5+ 22. Kb1 Bxf5 23. Qh5 f6 24. Nd4 Qe5 25. Nc5 a4 26. Nxf5 Qxf5
27. Rdf1 Qc8 28. Rfg1 a3 29. Rxg5 fxg5 30. Qh7+ Kf7 31. b4 Rb8 32. Rf1+ Ke7
33. Qxg7+ Kd6 34. Qg6+ Ke7 35. Qxg5+ Kd6 36. Qg3+ Ke7 37. Qe5+ 1-0

[Event "XX Carlos Torre Magistral"]
[Site "Merida MEX"]
[Date "2007.12.22"]
[Round "9"]
[White "Vega Garcia,J"]
[Black "Perez Garcia,Rodn"]
[Result "0-1"]
[WhiteElo "2255"]
[BlackElo "2427"]
[EventDate "2007.12.15"]

1. d4 d5 2. Nf3 Nf6 3. Bf4 c5 4. e3 e6 5. c3 Nc6 6. Nbd2 Bd6 7. Bg3 O-O 8.
Be2 Qe7 9. Bb5 Bd7 10. O-O Nxd4 11. Nxd4 cxd4 12. Bxd7 dxe3 13. Bb5 exd2
14. Bd3 Bxg3 15. hxg3 Rac8 16. Qxd2 Rfd8 17. Rfe1 Nd7 18. Rad1 Qf6 19. Qf4
a6 20. Qxf6 Nxf6 21. f3 h5 22. Kf2 g6 23. Bf1 Rd7 24. Rd4 Rdc7 25. a4 Rc5
26. Bd3 Kg7 27. Rb4 R8c7 28. Rh4 Re7 29. Rb4 Rcc7 30. Ke3 e5 31. Kd2 Re6
32. Bc2 Rce7 33. a5 Kf8 34. Rh4 Rc7 35. Rb4 Ke7 36. Re2 Kd8 37. Re1 Rce7
38. Rh4 Kc7 39. Rb4 Rc6 40. Rh4 Rce6 41. Rb4 e4 42. Rd4 exf3 43. Rxe6 fxe6
44. gxf3 g5 45. Rb4 Nd7 46. Ke3 Ne5 47. b3 Nc6 48. Ra4 e5 49. Bg6 d4+ 50.
Kd3 h4 51. gxh4 gxh4 52. Be4 Rd7 53. Ra1 dxc3+ 54. Kxc3 Rd6 55. b4 h3 56.
Rh1 Rh6 57. Rh2 Nd4 58. Kc4 Rh4 59. Kd5 Nc6 60. Kc5 Ne7 61. b5 axb5 62.
Kxb5 Nc8 63. Kc5 Nd6 64. Kd5 Nxe4 65. fxe4 Rh5 66. Ke6 Kc6 67. Kf6 Kb5 68.
Kg6 Rh8 69. Kf6 Kxa5 70. Kxe5 b5 71. Kd4 b4 72. e5 Kb6 73. Kd5 Rh6 74. e6
Kc7 75. Rc2+ Kd8 76. Kd6 h2 0-1